Sudden Death - South America - Statistics

General Stats
  • This quiz has been taken 109 times
  • The average score is 11 of 12
Answers on the Grid
Answers color-coded by a green-red scale on the quiz's grid according to % correct below.
France
Algeria
Brazil
Saint Kitts and Nevis
Trinidad and Tobago
Argentina
Chile
Haiti
Dominican Republic
Uruguay
Maldives
Bolivia
Paraguay
Palau
Malta
Suriname
Monaco
Venezuela
Grenada
Guyana
Colombia
Yemen
Bahrain
Peru
Pakistan
Ecuador
Nauru
East Timor
Equatorial Guinea
Indonesia
 
Answer Stats
Answer % Correct
Chile
94%
Brazil
93%
Uruguay
93%
Venezuela
92%
Peru
91%
Colombia
89%
Paraguay
89%
Argentina
88%
Bolivia
88%
Ecuador
86%
Suriname
85%
Guyana
84%
No matching quizzes found
Score Distribution
Percent of People with Each Score
Percentile by Number Answered
Your Score History
You have not taken this quiz